Responses for Show #1018 - Wednesday, January 25, 1989

Brian Wangsgard game 4.

Contestants

[<< previous game]

Lynn Sabin, a homemaker from Baldwin, Maryland

Jeff Stone, a lawyer from Buffalo, New York

Brian Wangsgard, a senior marketing representative from Redlands, California (whose 3-day cash winnings total $48,198)

[next game >>]

Jeopardy! Round responses

MINNESOTA
PERFUME
SPORTS TRIVIA
AMERICAN HISTORY
ACTORS & ACTRESSES
EGGS
    $100 1
Mississippi River

Jeff
    $100 25
[The end-of-round signal sounds.]

flowers

Brian
    $100 6
Wimbledon

Jeff
    $100 8
first lady

Brian
    $100 16
Chevy Chase

Jeff
    $100 20
salt

Lynn
    $200 2
Louisiana Purchase

Jeff
    $200 7
pole vault

Lynn
    $200 9
Alcatraz

Lynn
    $600 17
[Alex held up a hat with shark's teeth strung around the brim.]

Paul Hogan

Jeff
    $200 21
aluminum

Brian
    $300 3
Stroh's

Brian
    $300 11
L.A. Raiders

Brian
    $300 10
Pancho Villa

Brian
    $300 18
The Hustler

Jeff
    $300 22
(Brian: What is extra large?)

large

Brian
Triple Stumper
    $400 4
(Jeff: What is Germany?)

France

Jeff
Triple Stumper
    $400 12
Dizzy Dean

Brian
    $400 13
Eisenhower

Brian
    $400 19
Phyllis Diller

Triple Stumper
    $400 23
turtle eggs

Lynn
    $500 5
(Tyrone) Guthrie Theater

Jeff
    $500 14
(Jeff: Who is Shoemaker?)
(Brian: Who is Longden?)

Eddie Arcaro

BrianJeff
Triple Stumper
    $500 15
habeas corpus

Jeff
    $500 24
quail

Lynn

Scores at the first commercial break (after clue 15):

Brian Jeff Lynn
$1,300 $500 $400

Scores at the end of the Jeopardy! Round:

Brian Jeff Lynn
$1,300 $1,500 $1,400

Double Jeopardy! Round responses

20th CENTURY PERSONALITIES
BIOLOGY
WORLD RELIGION
STARTS WITH "O"
U.S. CITIES
EINSTEIN
    $200 6
Lech Walesa

Brian
    $200 12
unisexual

Triple Stumper
    $200 20
the sex of the person receiving it (bar for boys, bat for girls)

Jeff
    $200 1
Oregon, Ohio & Oklahoma

Brian
    $200 8
Indianapolis

Brian
    $200 14
(2 of) Germany, United States or (Switzerland)

Jeff
    $400 7
Kinsey

Brian
    $400 13
fetus

Jeff
    $1,000 21
(Jeff: Who is Pope Pius?)
(Alex: Be more specific.)

Pope Pius XII

Jeff
    $400 2
obtuse

Brian
    $400 9
Hartford

Lynn
    $400 15
light

Jeff
    $600 22
Pompidou

Jeff
    $600 25
small intestine

Jeff
    $600 28
[The end-of-round signal sounds.]

Vishnu

Lynn
    $1,500 3
(Brian: I just want to hear it more. That's all.)

Ocean

Brian
    $600 10
(Brian: What is Montpelier?)

Burlington

BrianLynn
    $600 16
violin

Lynn
    $800 23
U Thant

Brian
    $800 26
immune

Lynn
    $800 4
oleander

Lynn
    $800 11
(Brian: What is Pittsburgh?)

Chicago

Brian
Triple Stumper
    $800 18
99

Brian
    $1000 24
Cyrus Vance

Brian
    $1000 27
hydrochloric acid

Brian
    $1000 5
obelisk

Jeff
    $1000 17
(Brian: What is Baltimore?)

Boston

BrianJeff
    $1000 19
Israel

Lynn

Scores at the end of the Double Jeopardy! Round:

Brian Jeff Lynn
$2,400 $6,900 $6,200

[wagering suggestions for these scores]

Final Jeopardy! Round responses

AUTHORS
BrianIs it Frost?
$1,000
LynnWho is Richard Wright
$6,000
JeffWho is Frost?
$5,501
Robert Penn Warren

Final scores:

Brian Jeff Lynn
$1,400 $1,399 $200
4-day champion: $49,598 2nd place: Zenith Data Systems portable computer & GTE Walkmate cord free telephone 3rd place: Broyhill entertainment center

Game dynamics:

Coryat scores:

Brian Jeff Lynn
$3,900 $5,900 $6,200
17 R,
6 W
(including 1 DD)
17 R
(including 2 DDs),
2 W
12 R,
0 W

Combined Coryat: $16,000

[game clues] [game scores] [suggest correction]

Game tape date: 1988-10-31
The J! Archive is created by fans, for fans. Scraping, republication, monetization, and malicious use prohibited; this site may use cookies and collect identifying information. See terms. The Jeopardy! game show and all elements thereof, including but not limited to copyright and trademark thereto, are the property of Jeopardy Productions, Inc. and are protected under law. This website is not affiliated with, sponsored by, or operated by Jeopardy Productions, Inc. Join the discussion at JBoard.tv.